[Event "Cappelle op"]
[Site "Cappelle la Grande"]
[Date "1994.??.??"]
[Round "5"]
[White "Lane, Gary W"]
[Black "Peek, Marcel"]
[Result "1/2-1/2"]
[WhiteElo "2435"]
[BlackElo "2300"]

1.e4 c5 2.Nc3 Nc6 3.Nf3 d6 4.d4 cxd4 5.Nxd4 Nf6 6.f4 e5 7.Nf3 Be7 8.Bd3 O-O
9.O-O a6 10.a4 Qc7 11.Qe1 Nb4 12.Kh1 Be6 13.a5 Rac8 14.Be3 Bc4 15.Qe2 Nd7
16.Ra4 Nxd3 17.cxd3 Bb5 18.Raa1 Bc6 19.f5 Nf6 20.Bb6 Qb8 21.Rg1 d5 22.exd5 Nxd5
23.Nxe5 Nxc3 24.bxc3 Bf6 25.d4 Bb5 26.Qe3 Rfe8 27.Rge1 h6 28.Qg3 Qd6 29.Kg1 Qd5
30.Rac1 Bg5 31.Rcd1 Qb3 32.Bc5 Qd5 33.h4 Bf6 34.Ng4 Kh7 35.Qf4 Bxh4 36.Rxe8 Rxe8
37.c4 Qxc4 38.Ne5 Rxe5 39.Qxe5 Bf6 40.Qg3 Bc6 41.Bb6 Bd5 42.Qe1 Qc2 43.Rd2 Qxf5
44.Qf1 Qxf1+ 45.Kxf1 Kg6 46.Ke2 Kf5 47.Kd3 Ke6 48.Kc3 h5 49.Kb4 Bc6 50.Bc5 h4
51.Rf2 g5 52.Re2+ Kd5 53.Rf2 Ke6 54.Re2+ Kf5 55.Rf2+ Ke6 56.Re2+ Kf5 57.Rf2+ Ke6
58.Re2+ Kf5 59.Rf2+ Ke6  1/2-1/2

[Event "Cappelle op"]
[Site "Cappelle la Grande"]
[Date "1994.??.??"]
[Round "7"]
[White "Mitkov, Nikola"]
[Black "Shnaider, David"]
[Result "1-0"]
[WhiteElo "2470"]
[BlackElo "2300"]

1.e4 c5 2.Nc3 Nc6 3.Nf3 e5 4.Bc4 g6 5.O-O Bg7 6.d3 h6 7.Ne1 Nge7 8.f4 d6
9.f5 gxf5 10.Qh5 d5 11.Nxd5 Nxd5 12.Bxd5 Rf8 13.Bxh6 Bxh6 14.Bxc6+ bxc6 15.Qxh6 f6
16.exf5 Qd4+ 17.Kh1 Qxb2 18.Nf3 Bd7 19.Qd2 Rb8 20.Nh4 Rg8 21.Qh6 Ke7 22.Ng6+ Kd6
23.Qh4 Rbe8 24.Qxf6+ Kc7 25.Rac1 Qd4 26.Rce1 Qg4 27.Re4 Qh5 28.Qh4 Qxh4 29.Nxh4 Kd6
30.g4 Rb8 31.Ng6 Rb2 32.h4 Rxc2 33.Nxe5 Rxa2 34.h5 Rb8 35.h6 a5 36.h7 a4
37.Nf7+  1-0

[Event "Ceske Budejovice op"]
[Site "Ceske Budejovice"]
[Date "1994.??.??"]
[Round "6"]
[White "Meister, Yakov"]
[Black "Vokac, Marek"]
[Result "0-1"]
[WhiteElo "2440"]
[BlackElo "2450"]

1.e4 c5 2.Nc3 Nc6 3.Nge2 g6 4.d4 cxd4 5.Nxd4 Bg7 6.Nb3 Bxc3+ 7.bxc3 Nf6 8.Bd3 d5
9.exd5 Qxd5 10.O-O O-O 11.Re1 Bg4 12.Qd2 Rad8 13.c4 Qh5 14.Qc3 Bf5 15.Bb2 e5
16.Be2 Qh4 17.g3 Qh6 18.Bf3 Nd4 19.Bxb7 Ng4 20.h4 Nxc2 21.Rxe5 Rd3 22.Qxc2 Rxg3+
23.fxg3 Bxc2 24.Rg5 Rb8 25.Bd5 Ne3 26.Re1 Nxd5 27.Rxd5 Qf8 28.Bf6 Qb4 29.Re3 Qxc4
30.Rc5 Qg4 31.Rce5 Qd7 32.Nc5 Qc6 33.Be7 Bf5 34.Nb3 Bh3 35.Re2 f6 36.R5e3 Re8
37.Nd4 Qc1+ 38.Kh2 Bg4 39.Bxf6 Rxe3 40.Rxe3 Qxe3  0-1

[Event "Chicago op"]
[Site "Chicago"]
[Date "1994.??.??"]
[Round "6"]
[White "De Firmian, Nick E"]
[Black "Shabalov, Alexander"]
[Result "1-0"]
[WhiteElo "2580"]
[BlackElo "2590"]

1.e4 c5 2.Nf3 Nc6 3.Nc3 g6 4.d4 cxd4 5.Nxd4 Bg7 6.Be3 Nf6 7.Bc4 O-O 8.Bb3 a5
9.f3 d5 10.Bxd5 Nxd4 11.Bxd4 a4 12.a3 Qa5 13.Qd2 e6 14.Ba2 Rd8 15.e5 Ng4
16.O-O-O Bxe5 17.Ne2 Bxd4 18.Nxd4 Qxd2+ 19.Rxd2 Ne3 20.g3 Ra6 21.Re1 Nd5
22.Nb5 Kg7 23.Nc7 Ra5 24.Red1 h5 25.Nxd5 exd5 26.Rxd5 Raxd5 27.Bxd5 h4 28.Be4 Rh8
29.Rd4 hxg3 30.hxg3 b5 31.g4 Be6 32.Kd2 Rh3 33.Bc6 Bc4 34.g5 Kf8 35.Kc3 Rg3
36.Rg4 Rh3 37.Kb4 Rh2 38.Bxb5 Be6 39.Re4 Rxc2 40.Re2 Rc1 41.Kxa4 Ke7 42.Rd2 Bf5
43.Kb4 Ke6 44.f4 Be4 45.Bd7+ Ke7 46.Rd4 Bc2 47.Ba4 Bf5 48.Bb5 Bc2 49.Rc4  1-0

[Event "Bohemia"]
[Site "Chrudim"]
[Date "1994.??.??"]
[Round "1"]
[White "Maskova, Jana"]
[Black "Ptacnikova, Lenka"]
[Result "1-0"]
[WhiteElo "2220"]
[BlackElo "2240"]

1.e4 c5 2.Nf3 Nc6 3.Nc3 g6 4.g3 Bg7 5.Bg2 e6 6.d3 Nge7 7.Be3 Nd4 8.Qd2 Nec6
9.O-O O-O 10.Nd1 d6 11.Ne1 Qa5 12.Qxa5 Nxa5 13.c3 Ndc6 14.f4 Rb8 15.Rb1 b6
16.Rf2 Ne7 17.Rd2 e5 18.Nc2 Be6 19.b3 f5 20.d4 exd4 21.cxd4 fxe4 22.Bxe4 Nf5
23.Bf2 Rfe8 24.Bf3 Re7 25.g4 Nh6 26.dxc5 dxc5 27.Nde3 Rf8 28.Bg3 Rd7 29.Rbd1 Rxd2
30.Rxd2 Kh8 31.Kg2 Ng8 32.Rd6 Bc8 33.f5 gxf5 34.Nxf5 Bc3 35.Nce3 Nf6 36.h4 Nd7
37.Rd3 Bb2 38.Nd5 Ne5 39.Bxe5+ Bxe5 40.Nde7 c4 41.bxc4 Ba6 42.Rd7 Bxc4 43.Rxa7 Rd8
44.g5 Bb8 45.Ra8 Bxa2 46.Ra6 Rd2+ 47.Kh3 Be6 48.Rxb6 Bxf5+ 49.Nxf5 Bc7 50.Re6 Rd8
51.Be4 Nc4 52.Nh6 Nd6 53.Bxh7 Kxh7 54.Re7+ Kg6 55.Kg4  1-0

[Event "Bohemia"]
[Site "Chrudim"]
[Date "1994.??.??"]
[Round "3"]
[White "Holoubkova, Martina"]
[Black "Ptacnikova, Lenka"]
[Result "0-1"]
[WhiteElo "2210"]
[BlackElo "2240"]

1.e4 c5 2.Nf3 Nc6 3.Nc3 g6 4.d4 cxd4 5.Nxd4 Bg7 6.Nb3 Nf6 7.Be2 O-O 8.O-O d6
9.Bg5 Be6 10.f4 Rc8 11.Kh1 a6 12.Bf3 Qc7 13.Nd5 Bxd5 14.exd5 Na5 15.Nxa5 Qxa5
16.Re1 Rc7 17.c3 b5 18.Qb3 Rb8 19.Rad1 Rbb7 20.Re2 Qb6 21.Rde1 a5 22.Bh4 a4
23.Qa3 Kf8 24.Bf2 Qa6 25.Re3 Rb8 26.b3 Rbc8 27.Qb4 Ng8 28.Rc1 axb3 29.axb3 Bxc3
30.Rexc3 Rxc3 31.Rxc3 Qa1+ 32.Bg1 Rxc3 33.Qxb5 Rc1 34.Qb8+ Kg7 35.Qb6 Qc3
36.h3 Qd2 37.g3 Nf6 38.Bg2 Nxd5 39.Qa7 Ne3  0-1

[Event "Copenhagen op16"]
[Site "Copenhagen"]
[Date "1994.??.??"]
[Round "4"]
[White "Emms, John M"]
[Black "Hutters, Tomas"]
[Result "1/2-1/2"]
[WhiteElo "2525"]
[BlackElo "2420"]

1.e4 c5 2.Nc3 Nc6 3.Nf3 g6 4.d4 cxd4 5.Nxd4 Bg7 6.Be3 Nf6 7.Bc4 O-O 8.Bb3 a5
9.a4 Ng4 10.Qxg4 Nxd4 11.Qh4 Nxb3 12.cxb3 Ra6 13.O-O Re6 14.Rfe1 d6 15.Rad1 Bd7
16.Nd5 Bc6 17.Bh6 Bxd5 18.exd5 Rxe1+ 19.Rxe1 Bxh6 20.Qxh6 Qb6 21.Rxe7 Qxb3
22.Qd2 Qxa4 23.g3 b6 24.h4 h5 25.Rb7 Qb5  1/2-1/2

[Event "Copenhagen op16"]
[Site "Copenhagen"]
[Date "1994.??.??"]
[Round "6"]
[White "Emms, John M"]
[Black "Borge, Nikolaj"]
[Result "1/2-1/2"]
[WhiteElo "2525"]
[BlackElo "2400"]

1.e4 c5 2.Nc3 Nc6 3.Nf3 g6 4.d4 cxd4 5.Nxd4 Bg7 6.Be3 Nf6 7.Bc4 O-O 8.Bb3 d6
9.h3 Nxd4 10.Bxd4 b5 11.O-O Bb7 12.Qd3 a5 13.Rfe1 b4 14.Na4 Bc6  1/2-1/2

[Event "Cordoba op"]
[Site "Cordoba"]
[Date "1994.??.??"]
[Round "2"]
[White "Etchegaray, Patrice"]
[Black "Granados, Raul"]
[Result "1/2-1/2"]
[WhiteElo "2350"]
[BlackElo "2220"]

1.e4 c5 2.Nc3 Nc6 3.Nge2 Nf6 4.d3 g6 5.g3 Bg7 6.Bg2 d6 7.O-O Bd7 8.Bd2 Qc8
9.Qc1 h5 10.h4 Bh3 11.Nd1 Qd7 12.Bc3 Bxg2 13.Kxg2 O-O 14.Ne3 e6 15.f3 d5
16.Nd1 b5 17.b3 a5 18.Nf2 a4 19.e5 Ne8 20.f4 d4 21.Bd2 f6 22.exf6 Nxf6 23.Ng1 Qd5+
24.Nf3 e5 25.Re1 Ng4 26.Ne4 b4 27.Qd1 Ra7 28.Qe2 axb3 29.axb3 Rxa1 30.Rxa1 Ne3+
31.Bxe3 dxe3 32.fxe5 Nd4 33.Nxd4 Rf2+ 34.Qxf2 exf2 35.Nf3 Bxe5 36.Nxe5 Qxe5
37.Rf1 Kg7 38.Rxf2 Qd4 39.Kg1  1/2-1/2

[Event "Cordoba op"]
[Site "Cordoba"]
[Date "1994.??.??"]
[Round "7"]
[White "Barczay, Laszlo"]
[Black "Kurajica, Bojan"]
[Result "0-1"]
[WhiteElo "2410"]
[BlackElo "2565"]

1.e4 c5 2.Nf3 Nc6 3.Nc3 e6 4.g3 d5 5.d3 Nge7 6.Bg2 g6 7.O-O Bg7 8.exd5 exd5
9.Re1 O-O 10.Bf4 h6 11.h4 Bg4 12.Qc1 Kh7 13.Ne5 Be6 14.Qd2 Rc8 15.Rad1 a6
16.Na4 Nd4 17.c3 Nb5 18.d4 cxd4 19.cxd4 Nf5 20.Nc5 Nbxd4 21.Nxe6 fxe6 22.Qd3 Qe8
23.b3 Nc2 24.Re2 Nb4 25.Qb1 Nxh4 26.Bd2 Nxg2 27.Bxb4 Nf4 28.gxf4 Rxf4 29.Bd2 Bxe5
30.Rxe5 Rg4+ 31.Kf1 Qb5+ 32.Re2 d4 33.f3 Rf8  0-1

[Event "Djakovo op"]
[Site "Djakovo"]
[Date "1994.??.??"]
[Round "6"]
[White "Kosanski, Stanko"]
[Black "Muhtarov, Leonid"]
[Result "1-0"]
[WhiteElo "2425"]
[BlackElo "2180"]

1.e4 c5 2.Nc3 Nc6 3.Nf3 d6 4.d4 cxd4 5.Nxd4 Nf6 6.g3 Bg4 7.f3 Nxd4 8.Qxd4 Bxf3
9.Bb5+ Nd7 10.Rf1 Bg4 11.Qd5 Be6 12.Qxb7 a6 13.Nd5 Rc8 14.Qxa6 Rxc2 15.Qa4 Rc8
16.Bd2 Rb8 17.Rc1 Bxd5 18.Ba5 Ra8 19.exd5 f6 20.Bxd8 Rxa4 21.Bxa4 Kxd8 22.b4 Ne5
23.Ke2 g6 24.Rc2 Bh6 25.b5 Nd7 26.Rc6 Ne5 27.b6  1-0

[Event "Dresden op"]
[Site "Dresden"]
[Date "1994.??.??"]
[Round "?"]
[White "Bode, Wilfried"]
[Black "Gabriel, Christian"]
[Result "1/2-1/2"]
[WhiteElo "2395"]
[BlackElo "2545"]

1.e4 c5 2.Nc3 Nc6 3.Nf3 d6 4.d4 cxd4 5.Nxd4 Nf6 6.Be2 e5 7.Nf3 h6 8.O-O Be7
9.Re1 O-O 10.h3 a6 11.a4 Be6 12.Bf1 Nb4 13.a5 b5 14.axb6 Qxb6 15.Na4 Qb7
16.Nd2 Nc6 17.c4 Nd7 18.Ra3 Rac8 19.Nc3 Nd4 20.Nb3 Nxb3 21.Rxb3 Qa7 22.Nd5 Nc5
23.Rc3 f5 24.exf5 Bxf5 25.Be3 Bg5 26.Bxg5 hxg5 27.Qd2 Ne6 28.Ne3 Nd4 29.Nxf5 Rxf5
30.Bd3 Rf4 31.Be4 Rcf8 32.Bd5+ Kh7 33.Rf1 Qb6 34.Kh2 Qd8 35.Kg1 Qb6 36.Kh2 Qd8  1/2-1/2

[Event "Elgoibar"]
[Site "Elgoibar"]
[Date "1994.??.??"]
[Round "?"]
[White "Iruzubieta, Jesus Maria"]
[Black "San Segundo, Pablo"]
[Result "0-1"]
[WhiteElo "2340"]
[BlackElo "2470"]

1.e4 c5 2.Nc3 Nc6 3.Nf3 e6 4.Bb5 Nd4 5.Bc4 Ne7 6.O-O a6 7.Nxd4 cxd4 8.Ne2 Nc6
9.c3 Bc5 10.b4 Ba7 11.Nxd4 Nxd4 12.cxd4 d5 13.exd5 exd5 14.Bd3 O-O 15.Bb2 Qg5
16.f4 Qf6 17.Kh1 Bf5 18.Qf3 Bxd3 19.Qxd3 Rae8 20.b5 Re4 21.bxa6 bxa6 22.Ba3 Rfe8
23.Bc5 Bb8 24.g3 Re2 25.Rab1 Bc7 26.Qf3 Qf5 27.Kg1 h5 28.Rbd1 Ba5 29.Rf2 Rxf2
30.Qxf2 Qd3 31.Re1 Rxe1+ 32.Qxe1 Bxd2 33.Qe8+ Kh7 34.Qxf7 Be3+ 35.Kg2 Qe2+
36.Kh3 Qg4+ 37.Kg2 h4 38.Bb4 h3+  0-1

[Event "RUS-ch"]
[Site "Elista"]
[Date "1994.??.??"]
[Round "10"]
[White "Tseshkovsky, Vitaly"]
[Black "Sveshnikov, Evgeny"]
[Result "1/2-1/2"]
[WhiteElo "2525"]
[BlackElo "2585"]

1.e4 c5 2.Nf3 Nc6 3.Nc3 e5 4.Bc4 Be7 5.d3 Nf6 6.Nd2 d6 7.Nf1 Bg4 8.f3 Be6
9.Ne3 O-O 10.O-O Ne8 11.Ncd5 Bg5 12.a3 Nc7 13.Nxc7 Qxc7 14.Nd5 Bxd5 15.Bxd5 Bxc1
16.Qxc1 Ne7 17.Bc4 Ng6 18.g3 Kh8 19.Qg5 b5 20.Bxb5 Qb7 21.a4 a6 22.Bc4 Qxb2
23.Qd2 Qb6 24.a5 Qd8 25.Rab1 Ne7 26.Rb6 d5 27.exd5 Nxd5 28.Rc6 Ne7 29.Rxc5 Qd6
30.Qf2 f6 31.f4 exf4 32.gxf4 Rab8 33.f5 g6 34.fxg6 hxg6 35.Re1 Nf5 36.Rd5 Qc7
37.Rc5 Qd6 38.Rd5 Qc7 39.Qc5 Qf4 40.Qf2 Qc7  1/2-1/2

[Event "RUS-ch"]
[Site "Elista"]
[Date "1994.??.??"]
[Round "10"]
[White "Balashov, Yuri S"]
[Black "Yakovich, Yuri"]
[Result "1/2-1/2"]
[WhiteElo "2505"]
[BlackElo "2515"]

1.e4 c5 2.Nc3 Nc6 3.Nf3 e5 4.Bc4 Be7 5.d3 d6 6.Nd5 Nf6 7.c3 Nxd5 8.Bxd5 O-O
9.a3 Bf6 10.b4 Ne7 11.Bb3 b6 12.O-O Bb7 13.Re1 Qc7 14.Bd2 Rad8  1/2-1/2

[Event "Petrosian mem"]
[Site "Erevan"]
[Date "1994.??.??"]
[Round "?"]
[White "Mnatsakanian, Eduard A"]
[Black "Yegiazarian, Arsen"]
[Result "0-1"]
[WhiteElo "2390"]
[BlackElo "2400"]

1.e4 c5 2.Nf3 Nc6 3.Nc3 e5 4.Bc4 d6 5.O-O Be7 6.d3 Nf6 7.Ng5 O-O 8.f4 exf4
9.Bxf4 Nd4 10.h3 h6 11.Nf3 Be6 12.Qd2 Nxe4 13.Nxe4 d5 14.Nxd4 cxd4 15.Bxh6 dxe4
16.Bxe6 fxe6 17.Rxf8+ Bxf8 18.Bg5 Qb6 19.Qf4 Bb4 20.Qxe4 Rf8 21.a3 Bd6 22.Qxe6+ Kh8
23.Re1 Qa5 24.h4 Bg3 25.Re2 Qc7 26.Re1 Bxe1 27.Qxe1  0-1

[Event "EUCup Gr1"]
[Site "Eupen"]
[Date "1994.??.??"]
[Round "?"]
[White "Huberty, Marc"]
[Black "Micheli, Carlo"]
[Result "1/2-1/2"]
[WhiteElo "2120"]
[BlackElo "2300"]

1.e4 c5 2.Nc3 Nc6 3.Nge2 g6 4.d4 cxd4 5.Nxd4 Bg7 6.Be3 d6 7.Qd2 Nf6 8.f3 O-O
9.Bc4 Bd7 10.O-O-O Rc8 11.Bb3 Ne5 12.h4 h5 13.Bh6 Nc4 14.Bxc4 Rxc4 15.Bxg7 Kxg7
16.Nb3 Qc7 17.g4 Be6 18.Nd4 Re8 19.Nxe6+ fxe6 20.gxh5 Nxh5 21.Rhg1 Rc5 22.Rg4 Nf6
23.Rg2 Rh8 24.Rdg1 Rxh4 25.Rxg6+ Kf7 26.Qg2 Rxc3 27.Rxf6+ Ke8 28.Qg8+ Kd7
29.Qxe6+ Kc6 30.Rf8 Qb6 31.bxc3 Qxg1+ 32.Kb2 Qb6+ 33.Qb3 Qxb3+ 34.cxb3 Rh2+
35.Ka3 e5 36.Rf7 a5 37.b4 axb4+ 38.cxb4 b5 39.Rf8 Rd2 40.Rc8+ Kb7 41.Rc3 Kb6
42.Kb3 Rd4 43.a3 Rd2 44.Re3 Kc6 45.a4 bxa4+ 46.Kxa4 Kb6 47.Ra3 Rd1  1/2-1/2

[Event "Eupen op act"]
[Site "Eupen"]
[Date "1994.??.??"]
[Round "3"]
[White "Kupreichik, Viktor D"]
[Black "Cmiel, Thorsten"]
[Result "1-0"]
[WhiteElo "2515"]
[BlackElo "2285"]

1.e4 c5 2.Nc3 Nc6 3.Nf3 g6 4.d4 cxd4 5.Nxd4 Bg7 6.Nb3 Nf6 7.Be2 b5 8.a3 a6
9.O-O O-O 10.Re1 d6 11.Bf1 Bb7 12.Bg5 h6 13.Be3 Rc8 14.Nd5 Nd7 15.Qd2 Kh7
16.c4 bxc4 17.Bxc4 e6 18.Nc3 Na5 19.Nxa5 Qxa5 20.Qxd6 Rxc4 21.Qxd7 Bxe4 22.Nxe4 Rxe4
23.b4 Qb5 24.Rad1 Kg8 25.Qd2 h5 26.Rc1 Bf6 27.Rc5 Qb7 28.Rd1 Rd8 29.Qc2 Rxd1+
30.Qxd1 Re5 31.Qd6 Rd5 32.Rxd5 Qxd5 33.Qxa6 Bb2 34.h4 Qb3 35.Qa8+ Kh7 36.Qf3 Kg7
37.Bd4+  1-0

[Event "Eupen op act"]
[Site "Eupen"]
[Date "1994.??.??"]
[Round "5"]
[White "Kovalev, Andrei"]
[Black "Ciemniak, Robert"]
[Result "1/2-1/2"]
[WhiteElo "2530"]
[BlackElo "2435"]

1.e4 c5 2.Ne2 Nc6 3.Nbc3 Nf6 4.g3 d6 5.Bg2 g6 6.O-O Bg7 7.d3 O-O 8.h3 Rb8
9.Be3 e5 10.f4 Nd4 11.g4 Nxe2+ 12.Qxe2 exf4 13.Bxf4 Ne8 14.Qd2 Be6 15.Rab1 b6
16.b4 Qc7 17.Kh1 a6 18.bxc5 Qxc5 19.Nd5 Bxd5 20.exd5 Bc3 21.Qe3 Qxe3 22.Bxe3 b5  1/2-1/2

[Event "ITA-ch53"]
[Site "Filettino"]
[Date "1994.??.??"]
[Round "4"]
[White "Lucaroni, Massimiliano"]
[Black "Belotti, Bruno"]
[Result "0-1"]
[WhiteElo "2290"]
[BlackElo "2420"]

1.e4 c5 2.Nc3 Nc6 3.Nf3 d6 4.d4 cxd4 5.Nxd4 Nf6 6.Be3 e6 7.Be2 Be7 8.O-O O-O
9.f4 a6 10.Qe1 Qc7 11.Qg3 Bd7 12.Rae1 Kh8 13.Kh1 Rac8 14.Nxc6 Bxc6 15.Bd3 e5
16.fxe5 dxe5 17.Rf3 Bd7 18.Ref1 Be6 19.h3 Nh5 20.Qe1 Qd8 21.Bd2 Bg5 22.Ne2 Bxd2
23.Qxd2 Qe7 24.g4 Nf6 25.Ng3 Nd7 26.Nf5 Bxf5 27.Rxf5 f6 28.Qf2 g6 29.Rf3 Kg7
30.Kg2 Nc5 31.h4 Ne6 32.Kg3 Nf4 33.b3 h5 34.gxh5 Nxh5+ 35.Kg2 Nf4+ 36.Kg3 Rh8
37.Rh1 g5 38.Bc4 Rh5 39.Rc3 Rch8  0-1

[Event "FIN-chT"]
[Site "?"]
[Date "1994.??.??"]
[Round "?"]
[White "Raaste, Eero J"]
[Black "Issakainen, Ari"]
[Result "1-0"]
[WhiteElo "2350"]
[BlackElo "2260"]

1.e4 c5 2.Nc3 Nc6 3.Nge2 e6 4.g3 Nf6 5.Bg2 d5 6.exd5 exd5 7.d3 d4 8.Ne4 Be7
9.O-O O-O 10.Nf4 Ne5 11.h3 Kh8 12.Re1 Nxe4 13.Bxe4 Bd6 14.Bg2 Rb8 15.Bd2 Bd7
16.Qh5 Bc6 17.Rxe5 Bxg2 18.Kxg2 Bxe5 19.Qxe5 Qb6 20.Re1 Qc6+ 21.Qe4 Qa4 22.b3 Qxa2
23.Nh5 Qa6 24.g4 Rbc8 25.Qe5 Qg6 26.Ng3 Qc6+ 27.Kg1 Rce8 28.Qf4 Rxe1+ 29.Bxe1 b5
30.Bd2 Qb6 31.Qe5 f6 32.Qe7 Rc8 33.Bf4 Qd8 34.Qxa7 c4 35.Nf5 Qf8 36.Bd6 Qg8
37.bxc4 bxc4 38.Ne7 cxd3 39.Nxg8 d2 40.Qxd4 Rxc2 41.Kg2  1-0

[Event "Formia op"]
[Site "Formia"]
[Date "1994.??.??"]
[Round "6"]
[White "Loncar, Robert"]
[Black "Borgo, Giulio"]
[Result "1/2-1/2"]
[WhiteElo "2430"]
[BlackElo "2350"]

1.e4 c5 2.Ne2 Nc6 3.Nbc3 Nf6 4.d4 cxd4 5.Nxd4 d6 6.Bg5 e6 7.Qd2 a6 8.O-O-O h6
9.Be3 Ng4 10.Nxc6 bxc6 11.Bc5 d5 12.Bxf8 Kxf8 13.h3 Nf6 14.f4 Rb8 15.Kb1 Qa5
16.b3 Qb4 17.f5 Ke7 18.fxe6 Bxe6 19.exd5 cxd5 20.Bd3 Rhc8 21.Ne2 Qxd2 22.Rxd2 Ne4
23.Bxe4 dxe4 24.Rf1 f5 25.Nd4 Rc5 26.Rdf2 g6 27.Kb2 Rf8 28.c4 Kf6 29.Kc3 Ke5
30.Nxe6 Kxe6 31.b4 Re5 32.Rd2 f4 33.c5 Rd5 34.Rxd5 Kxd5 35.Rd1+ Ke5 36.a4 f3
37.gxf3 exf3 38.b5 axb5 39.axb5 f2 40.Rf1 Kd5 41.b6 Rf7 42.Kb4 Kc6 43.Kc4 Rf4+
44.Kd3 Kxc5 45.b7 Rb4 46.Rxf2 Rxb7 47.Rf6 Rb3+ 48.Ke4 Rg3 49.Kf4 Rg1 50.Ra6 g5+
51.Kf5 Rf1+  1/2-1/2

[Event "Frydek-Mistek op"]
[Site "Frydek-Mistek"]
[Date "1994.??.??"]
[Round "?"]
[White "Petrienko, Vladimir"]
[Black "Horak, Michal"]
[Result "1-0"]
[WhiteElo "2450"]
[BlackElo "2325"]

1.e4 c5 2.Nc3 Nc6 3.Nf3 Nf6 4.Bb5 Nd4 5.e5 Nxb5 6.Nxb5 Nd5 7.O-O a6 8.c4 Nb6
9.Nc3 g6 10.d4 Bg7 11.dxc5 Nxc4 12.Nd5 O-O 13.Bg5 Re8 14.Qd4 Na5 15.Qh4 Nc6
16.Rfe1 a5 17.Re4 a4 18.Nb6 Ra5 19.Nxa4 b5 20.cxb6 Bb7 21.Rae1 Nxe5 22.Rxe5 Bxe5
23.Nxe5 f6 24.Qc4+ d5 25.Qb4 Qa8 26.Nc5 Rxa2 27.Ng4 fxg5 28.Ne6 Qa4 29.Qc3 d4
30.Qc5 Bd5 31.Qxd5 Rf8 32.Nh6+ Kh8 33.Nc5 Rf6 34.Qg8+  1-0

[Event "Frydek-Mistek op"]
[Site "Frydek-Mistek"]
[Date "1994.??.??"]
[Round "?"]
[White "Berzinsh, Roland"]
[Black "Michenka, Jozef"]
[Result "1/2-1/2"]
[WhiteElo "2465"]
[BlackElo "2365"]

1.e4 c5 2.Nc3 Nc6 3.Nge2 g6 4.d4 cxd4 5.Nxd4 Bg7 6.Be3 Nf6 7.Bc4 O-O 8.Bb3 a5
9.f3 d5 10.Bxd5 Nxd5 11.Nxd5 f5 12.Nxc6 bxc6 13.Nb6 Rb8 14.Qxd8 Rxd8 15.c3 fxe4
16.fxe4 Ba6 17.Na4 Bb5 18.Nc5 Bc4 19.Bc1 Rb5 20.Nb3 Bd3 21.Nd2 Bh6 22.b3 Re5
23.Kf2 Bxd2 24.Bxd2 Bxe4 25.Bf4 Rf5 26.Ke3 Bxg2 27.Rhg1 Rdf8 28.Bg3 Rf3+
29.Kd2 Bh3 30.Rge1 Rd8+ 31.Kc1 e6 32.c4 a4 33.Kb2 Rfd3 34.Ka3 axb3 35.axb3 c5
36.Ka4 e5 37.Bxe5 Bd7+ 38.Ka3 Bf5 39.Ka4 Bd7+ 40.Ka3 Bf5 41.Ka4 Bd7+ 42.Ka3 Rd2
43.b4 Rd3+ 44.Kb2 cxb4 45.Ra7 Rf8 46.Bg3 Rff3 47.Re7 Rb3+ 48.Ka2 Ra3+ 49.Rxa3 Rxa3+
50.Kb2 Ba4 51.Be1 Rb3+ 52.Kc1 Rd3 53.Re4 b3 54.Kb2 Bc6 55.Re6 Bd7 56.Re7 h5
57.Bc3 Kf8 58.Rh7 Bf5 59.h4 Rh3 60.Bf6 Be6 61.Rc7 Rf3 62.Bg5 Rg3 63.Be7+ Kg8
64.Bf6 Rf3 65.Bg5 Kf8 66.Rc6 Kf7 67.Rc7+  1/2-1/2

[Event "Frydek-Mistek op"]
[Site "Frydek-Mistek"]
[Date "1994.??.??"]
[Round "?"]
[White "Petrienko, Vladimir"]
[Black "Zagorskis, Darius"]
[Result "1/2-1/2"]
[WhiteElo "2450"]
[BlackElo "2485"]

1.e4 c5 2.Nc3 Nc6 3.Nf3 e5 4.Bc4 Be7 5.d3 Nf6 6.Bg5 d6 7.Nd2 O-O 8.Bxf6 Bxf6
9.Nf1 Bg5 10.Ne3 Bxe3 11.fxe3 Qb6 12.Kd2 Rb8 13.Rb1  1/2-1/2

[Event "Peer Gynt"]
[Site "Gausdal"]
[Date "1994.??.??"]
[Round "1"]
[White "Lundquist, Rolf"]
[Black "Poluljahov, Aleksandr"]
[Result "0-1"]
[WhiteElo "2280"]
[BlackElo "2485"]

1.e4 c5 2.Nc3 Nc6 3.Nf3 a6 4.d4 cxd4 5.Nxd4 e6 6.Be3 Qc7 7.Be2 Nf6 8.O-O d6
9.a4 Be7 10.Nb3 b6 11.f4 O-O 12.Bf3 Bb7 13.Qe1 Rfe8 14.Qf2 Nd7 15.g4 Rac8
16.g5 Bf8 17.h4 Nb4 18.h5 g6 19.h6 d5 20.Rac1 dxe4 21.Nxe4 Nd5 22.Bd2 f5
23.gxf6 N5xf6 24.Nxf6+ Nxf6 25.Bc3 Bxf3 26.Bxf6 Ba8 27.Kh2 Bxh6 28.Be5 Qe7
29.Nd4 Rf8 30.Qg3 Bd5 31.c3 Bg7 32.Bxg7 Qxg7 33.Qh3 Rce8 34.Rce1 e5 35.fxe5 Rxf1
36.Rxf1 Qxe5+ 37.Qg3 Qh5+ 38.Qh3 Qxh3+ 39.Kxh3 Kg7 40.Rf2 h5 41.Rd2 Re3+
42.Kh2 Be4  0-1

[Event "Arnold Cup"]
[Site "Gausdal"]
[Date "1994.??.??"]
[Round "4"]
[White "Hartikainen, Markku"]
[Black "Lyrberg, Patrik"]
[Result "0-1"]
[WhiteElo "2235"]
[BlackElo "2415"]

1.e4 c5 2.Nf3 Nc6 3.Nc3 d6 4.d4 cxd4 5.Nxd4 Nf6 6.Bg5 Bd7 7.Qd2 Rc8 8.O-O-O Nxd4
9.Qxd4 Qa5 10.Bxf6 gxf6 11.Kb1 Rg8 12.f4 f5 13.e5 e6 14.Qd2 Qb6 15.Ne2 Ba4
16.Nc3 Bd7 17.Ne2 Bc6 18.exd6 Rd8 19.Nd4 Rxd6 20.c3 Bg7 21.Rg1 Bxd4 22.cxd4 Ke7
23.Bc4 Rgd8 24.Bb3 Be4+ 25.Ka1 Qxb3  0-1

[Event "Gausdal Int"]
[Site "Gausdal"]
[Date "1994.??.??"]
[Round "7"]
[White "Westerinen, Heikki MJ"]
[Black "Dannevig, Oystein"]
[Result "1-0"]
[WhiteElo "2370"]
[BlackElo "2290"]

1.e4 c5 2.Nc3 Nc6 3.Nge2 g6 4.d4 cxd4 5.Nxd4 Bg7 6.Be3 Nf6 7.Be2 O-O 8.Nb3 a6
9.Nd5 d6 10.Bb6 Qd7 11.f3 Nxd5 12.exd5 Ne5 13.O-O Qa4 14.Re1 Bf5 15.c3 g5
16.Qd2 h6 17.Bd4 Bg6 18.h4 gxh4 19.f4 Nd7 20.Bxg7 Kxg7 21.Nd4 Nf6 22.Bd3 Ng8
23.f5 Bh7 24.Re4 Qa5 25.Rxh4 Qxd5 26.Re1 Rae8 27.Re3 e5 28.Rg3+ Kf6 29.Rxh6+ Ke7
30.Rxh7 exd4 31.cxd4 Qxa2 32.Qb4 Qd5 33.Rh4 Kd7 34.Bc4 Qc6 35.Rc3 Kd8 36.Be6 Qb5
37.Qxd6+  1-0

[Event "BL2-S9394"]
[Site "Germany"]
[Date "1994.??.??"]
[Round "?"]
[White "Werner, Marc"]
[Black "Bach, Edwin"]
[Result "1/2-1/2"]
[WhiteElo "2335"]
[BlackElo "2245"]

1.e4 c5 2.Nf3 Nc6 3.Nc3 d6 4.d4 cxd4 5.Nxd4 Nf6 6.Bg5 e6 7.Qd2 Be7 8.O-O-O O-O
9.Nb3 Qb6 10.f3 a6 11.h4 Rd8 12.h5 Qc7 13.h6 g6 14.Qf4 Ne8 15.Bxe7 Qxe7 16.Kb1 b5
17.g4 Bb7 18.Qe3 Rac8 19.f4 Nb8 20.Bg2  1/2-1/2

[Event "BL2-W9394"]
[Site "Germany"]
[Date "1994.??.??"]
[Round "?"]
[White "Balashov, Yuri S"]
[Black "Kishnev, Sergey"]
[Result "1-0"]
[WhiteElo "2510"]
[BlackElo "2470"]

1.e4 c5 2.Nf3 Nc6 3.Nc3 e6 4.Be2 Nf6 5.O-O d5 6.exd5 Nxd5 7.d4 cxd4 8.Nb5 e5
9.Nxe5 Nxe5 10.Qxd4 f6 11.Qxd5 Qxd5 12.Nc7+ Kf7 13.Nxd5 Bf5 14.c4 Nd3 15.Rd1 Nxc1
16.Raxc1 Rc8 17.Bf3 b6 18.Nf4 Be7 19.g4 g5 20.gxf5 gxf4 21.Rd7 Rhd8 22.Rxa7 Kf8
23.Re1 Bb4 24.Re6 Rxc4 25.Rxf6+ Kg8 26.Rff7 Bf8 27.Rfd7 Rd4 28.Rxh7 Rd2 29.f6 R8d6
30.Rh5  1-0

[Event "BL2-N9394"]
[Site "Germany"]
[Date "1994.??.??"]
[Round "?"]
[White "Borik, Otto"]
[Black "Breyther, Ruediger"]
[Result "0-1"]
[WhiteElo "2415"]
[BlackElo "2315"]

1.e4 c5 2.Nc3 Nc6 3.Nf3 g6 4.d4 cxd4 5.Nxd4 Bg7 6.Be3 Nf6 7.Bc4 O-O 8.Bb3 d6
9.f3 Nxd4 10.Bxd4 Be6 11.Qd2 Qa5 12.O-O-O b5 13.Kb1 b4 14.Ne2 Bxb3 15.cxb3 Qb5
16.Rc1 a5 17.Rc7 e5 18.Be3 a4 19.bxa4 Qxa4 20.b3 Qa3 21.Nc1 d5 22.Qc2 Qa5
23.Rc5 Qa7 24.Re1 dxe4 25.fxe4 Qb7 26.Bd2 Rac8 27.Rc4 Rxc4 28.Qxc4 Rc8 29.Qxb4 Qc6
30.Bg5 Nd5 31.Qc4 Nc3+ 32.Kb2 Qa8 33.Qd3 Bf8 34.a4 Qa5 35.Bd2 Bb4 36.Re3 Nd1+
37.Ka1 Bxd2 38.Re2 Rxc1+ 39.Ka2 Nc3+  0-1

[Event "BL9394 (Women)"]
[Site "Germany"]
[Date "1994.??.??"]
[Round "?"]
[White "Lopatina, Olga"]
[Black "Jahn, Otilia"]
[Result "0-1"]
[WhiteElo "2105"]
[BlackElo "2230"]

1.e4 c5 2.Nc3 Nc6 3.Nf3 e5 4.Bc4 d6 5.h3 h6 6.d3 Nf6 7.Be3 Be7 8.Qd2 Nd4
9.Bxd4 cxd4 10.Ne2 Bd7 11.O-O O-O 12.c3 dxc3 13.bxc3 Rc8 14.Rab1 Nxe4 15.Qe3 Ng5
16.Nxg5 Bxg5 17.Qxa7 Bc6 18.Qa3 Qd7 19.Qb2 Ra8 20.Ng3 Ra5 21.Qe2 Kh8 22.Rfe1 f5
23.Nf1 b5 24.Bb3 Qb7 25.f3 Raa8 26.d4 e4 27.d5 Bxd5 28.Bxd5 Qxd5 29.fxe4 fxe4
30.Rxb5 Qxa2 31.Rb2 Qa7+ 32.Kh1 d5 33.c4 Bh4 34.g3 Bf6 35.Rc2 d4 36.Qxe4 Qd7
37.Qg2 d3 38.Rcc1 Rab8 39.Rcd1 Bc3 40.Re3 Rb2 41.Rexd3 Qa4 42.Qg1 Qc6+ 43.Rd5 Qxc4
44.Ne3 Qe4+ 45.Ng2 Rff2 46.Rd8+ Kh7  0-1

[Event "BL9394 (Women)"]
[Site "Germany"]
[Date "1994.??.??"]
[Round "?"]
[White "Lopatina, Olga"]
[Black "Lewandowska, Katarzyna"]
[Result "1-0"]
[WhiteElo "2105"]
[BlackElo "2130"]

1.e4 c5 2.Nc3 Nc6 3.Nf3 e6 4.Be2 d5 5.exd5 exd5 6.d4 Nf6 7.O-O c4 8.b3 Bb4
9.Bb2 cxb3 10.axb3 O-O 11.Na2 Bd6 12.c4 b6 13.c5 Bf4 14.Qc2 Ne7 15.Nb4 Bf5
16.Bd3 Ne4 17.g3 a5 18.Na2 Bc7 19.Nh4 Bh3 20.Rfe1 f5 21.Nc3 Kh8 22.Nb5 Rc8
23.Nxc7 Qxc7 24.Qe2 Nc6 25.f3 Ng5 26.Bb5 Nb4 27.Rac1 Rcd8 28.Ba3 f4 29.g4 Bxg4
30.fxg4 f3 31.Qe5 f2+ 32.Kg2 fxe1=Q 33.Rxe1 Qf7 34.Rf1 Qe6 35.Qxg5 Qe4+ 36.Nf3  1-0